00835 2200289 4500001002100000001002100021005001500042020002200057035002400079040001200103082001800115084001800133090001900151090001800170100002100188245004100209245009800250250001000348260003100358260003000389300003300419650003200452700001900484700001500503850001200518990001500530YOGYA000000000000757YOGYA00000000000075720140822071448 a978-602-8811-65-1 0010-081400000000797 aYOPDYOG 2[22]a899.223 a899.223 Koo w aT 633.82 Cah B a899.223 Koo w aKOOMSON, Dorothy aBertanam panili cet.6cCahyadi , Nur aThe women he loved beforec/ Dorothy Koomson; penerjemah Reni Indardini,penyunting Dhewiberta aCet.1 aYogyakartabKanisiusc1993 aYogyakartabBentangc2011 a551 hlm.c; 21 cm. ( 3 eks.) aFiksi Indonesia- Terjemahan aReni Indardini aDhewiberta aYOPDYOG a59283.P/95